| 000 | 00542nam a2200181Ia 4500 | ||
|---|---|---|---|
| 008 | 090124s9999 xx 000 0 und d | ||
| 082 | _b34685 | ||
| 100 | _aभारद्वाज मंदाकिनी | ||
| 245 | _a नाती | ||
| 250 | _a1 | ||
| 260 |
_bस्वप्न प्रकाशन _c1998 |
||
| 300 | _a192 | ||
| 600 | _aभारद्वाज मंदाकिनी | ||
| 630 | _a नाती | ||
| 700 | _aभारद्वाज मंदाकिनी | ||
| 730 | _a नाती | ||
| 942 | _cBOOK | ||
| 999 |
_c100615 _d100615 |
||